000
00298nam a22001337a 4500
008
170831b xxu||||| |||| 00| 0 eng d
020
_a
2900495050284
041
_a
eng
080
_2
7TH
_a
070
100
_a
40
101
_a
MED
245
_a
PUBLIC RELATIONS CASES
_c
HENDRIX,J.A
942
_2
udc
_c
BK
999
_c
25787
_d
25787